| 000 | 00440nam a22001697a 4500 | ||
|---|---|---|---|
| 005 | 20260424110358.0 | ||
| 008 | 260424b |||||||| |||| 00| 0 eng d | ||
| 020 | _qhbk | ||
| 082 | _a348.7346 UNI.156 | ||
| 245 | _aUnited states supreme court reports 156 | ||
| 250 | _aLawyers | ||
| 260 |
_acharlottesville: _bLexis Nexis, _c2002. |
||
| 300 |
_axxxix,868p. _c;24cm |
||
| 490 | _vvol.539 US | ||
| 650 | _ano reports | ||
| 942 | _cENGLISH | ||
| 999 |
_c619686 _d619686 |
||